000 00591nam a2200229Ia 4500
003 OSt
005 20221007065410.0
006 a|||||r|||| 00| 0
007 ta
008 221006b |||||||| |||| 00| 0 eng d
024 _a10,466
037 _cTextual
040 _aFLL
_cFLL
_beng
041 _2eng
_aeng
082 _aZ0Y1z7, K9
100 _aAubert Vilhelm
_9144776
245 0 _aSociology of law
260 _aEngland
_bPenguin Book Ltd. England
_c1969
300 _a367p
_ccm.
942 _hZ0Y1z7, K9
_cTEXL
_2CC
999 _c1137187
_d1137187